000 00304nam a2200121Ia 4500
005 20251222154408.0
008 251222s9999||||xx |||||||||||||| ||spa||
020 _a84-226-0099-4
082 _a868.6/G49C/1975
100 _a"Gironella, José María"
245 0 _aLos cipreses creen en Dios
942 _cLIB
999 _c35565
_d35565